Aspectos da exceȯ̂ no direito internacional

Detalles Bibliográficos
Autor principal: Penha Cardoso de Franȧ, Nathalia
Formato: eBook
Lenguaje:portugués
Publicado: San Pablo: Editora ContraCorrente, 2021
Materias:
Acceso en línea:Acceso restringido

MARC

LEADER 00000nam a22000007a 4500
005 20210909123532.0
007 cr|||| ||||
008 210909s2021 br |||||s|||| 00||0 por d
020 |a 978-65-88470-14-5 
035 |a 35089 
040 |a vLex 
090 |c 12365  |d 12365 
100 1 |a Penha Cardoso de Franȧ, Nathalia 
245 1 0 |a Aspectos da exceȯ̂ no direito internacional  |h [Recurso electrn̤ico] /  |c Nathalia Penha Cardoso de Franȧ 
256 |a Servicio en ln̕ea 
260 |a San Pablo:  |b Editora ContraCorrente,  |c 2021 
300 |a 1 recurso electrn̤ico 
506 1 |a Disponible solo en los productos indicados  |d vLex Global  |d vLex Global (Academic Edition, excluding Law Schools)  |d vLex Global (U.S. Academic Edition, Law Schools)  |d vLex Global (U.S. Academic Edition, excluding Law Schools)  |d vLex Global (Academic Edition, Law Schools) 
650 0 4 |a Derecho Internacional  |z Brasil 
740 0 |a vLex Libros (Servicio en ln̕ea) 
856 4 0 |u https://app.vlex.com/#/sources/35089  |z Acceso restringido 
942 |c BOOK 
999 0 |a International right